|
|
|
|
| LEADER |
00000naa2a2200000 4500 |
| 001 |
383270 |
| 005 |
20231101063109.0 |
| 035 |
|
|
|a (RuTPU)RU\TPU\prd\8742
|
| 090 |
|
|
|a 383270
|
| 100 |
|
|
|a 20021127a2002 k y0rusy50 ca
|
| 101 |
0 |
|
|a rus
|
| 102 |
|
|
|a RU
|
| 200 |
1 |
|
|a Диагностика усталостных трещин: использование новых признаков, основанных на преобразовании Фурье
|f Л. М. Гельман, Ю. Ф. Зиньковский, И. В. Петрунин
|
| 225 |
1 |
|
|a Техническая диагностика
|
| 320 |
|
|
|a Библиогр.: 13 назв.
|
| 461 |
|
1 |
|0 (RuTPU)RU\TPU\prd\1736
|x 0235-3474
|t Техническая диагностика и неразрушающий контроль
|o научно-технический и производственный журнал
|f Национальная академия наук Украины (НАНУ), Институт электросварки им. Е. О. Патона (ИЭС) ; Международная ассоциация "Сварка"
|d 1990-1993, 2001-
|
| 463 |
|
1 |
|0 (RuTPU)RU\TPU\prd\6073
|t № 2
|v С. 21-23
|d 2002
|
| 610 |
1 |
|
|a диагностика
|
| 610 |
1 |
|
|a усталостные трещины
|
| 610 |
1 |
|
|a преобразования Фурье
|
| 610 |
1 |
|
|a сигналы
|
| 610 |
1 |
|
|a распознавание образов
|
| 610 |
1 |
|
|a нелинейный осциллятор
|
| 610 |
1 |
|
|a обработка
|
| 675 |
|
|
|a 534.08
|v 3
|
| 675 |
|
|
|a 620.19
|v 3
|
| 700 |
|
1 |
|a Гельман
|b Л. М.
|
| 701 |
|
1 |
|a Зиньковский
|b Ю. Ф.
|
| 701 |
|
1 |
|a Петрунин
|b И. В.
|
| 801 |
|
1 |
|a RU
|b 63413507
|c 20021127
|g PSBO
|
| 801 |
|
2 |
|a RU
|b 63413507
|c 20180911
|g PSBO
|
| 942 |
|
|
|c BK
|